Ku správe o rozvoji ľudstva 1990

Enregistré dans:
Détails bibliographiques
Auteur principal: Herec, Ondrej
Autres auteurs: Kapustová, Mária, Šuterová, Viola, 1957-
Format: Livre
Langue:slovaque
Publié: Bratislava Výskumný ústav práce a sociálnych vecí 1991
Édition:1. vyd.
Tags: Ajouter un tag
Pas de tags, Soyez le premier à ajouter un tag!

MARC

LEADER 00000nam a2200000 4500
001 c037426
005 20221214094030.6
041 0 |a slo 
044 |a SK 
245 1 0 |a Ku správe o rozvoji ľudstva 1990  |c Ondrej Herec, Mária Kapustová, Viola Šuterová 
250 |a 1. vyd. 
264 1 |a Bratislava  |b Výskumný ústav práce a sociálnych vecí  |c 1991 
300 |a 17 s. 
100 1 |a Herec, Ondrej 
700 1 |a Kapustová, Mária 
700 1 |a Šuterová, Viola, 1957-